Třikrát o 3D reklamě
Stojan ako 3D reklama - základné pravidlá použitia. Umiestnenie stojana. Obsah stojana a jeho rozmiestnenie. Predajne a tzv. paletové miesta. Stojan ako marketingový nástroj vytvorený na podporu predaja. Pokračovanie v budúcom čísle.
Enregistré dans:
| Auteur principal: | |
|---|---|
| Format: | Chapitre de livre |
| Langue: | tchèque |
| Sujets: | |
| Tags: |
Pas de tags, Soyez le premier à ajouter un tag!
|
MARC
| LEADER | 00000naa$a2200000$$$4500 | ||
|---|---|---|---|
| 001 | 0012586 | ||
| 005 | 20231018123840.4 | ||
| 041 | 0 | |a cze | |
| 044 | |a CZ | ||
| 245 | 1 | 0 | |a Třikrát o 3D reklamě |c aut. Pavel Černý |
| 520 | |a Stojan ako 3D reklama - základné pravidlá použitia. Umiestnenie stojana. Obsah stojana a jeho rozmiestnenie. Predajne a tzv. paletové miesta. Stojan ako marketingový nástroj vytvorený na podporu predaja. Pokračovanie v budúcom čísle. | ||
| 610 | 2 | 0 | |a reklama |
| 610 | 2 | 0 | |a reklama vonkajšia |
| 610 | 2 | 0 | |a propagácia priama |
| 610 | 2 | 0 | |a nástroje marketingové |
| 610 | 2 | 0 | |a stratégia marketingová |
| 610 | 2 | 0 | |a podpora predaja |
| 100 | 1 | |a Černý, Pavel | |